2017 Eurovision Songs by Spotify Streams - Statistics

General Stats
  • This quiz has been taken 69 times
  • The average score is 6 of 10
Answer Stats
Streams Song Place % Correct
39.5 m Hey Mamma 3
85%
35.2 m Amar Pelos Dois 1
79%
24.8 m Beautiful Mess 2
77%
40.9 m City Lights 4
71%
50.5 m Occidentali's Karma 6
60%
34.7 m I Can't Go On 5
56%
21.1 m Grab the Moment 10
46%
11.7 m Lights and Shadows 11
40%
15.9 m Don't Come Easy 9
37%
28.6 m Apollo 12 (SF)
25%
No matching quizzes found
Score Distribution
Percent of People with Each Score
Percentile by Number Answered
Your Score History
You have not taken this quiz